[Event "EU-ch U10 Girls"]
[Site "Prague"]
[Date "2024.08.26"]
[Round "5"]
[White "Goralik, Zuzanna"]
[Black "Sararu, Sofia Elena"]
[Result "1-0"]
[WhiteElo "1459"]
[BlackElo "1583"]
[PlyCount "137"]
[EventDate "2024.08.22"]
[EventType "swiss"]
[EventRounds "9"]
[EventCountry "CZE"]
[SourceTitle "CBM 221 Extra"]
[Source "ChessBase"]
[SourceDate "2024.09.30"]
[SourceVersion "1"]
[SourceVersionDate "2024.09.30"]
[SourceQuality "1"]

1. e4 e6 2. d4 d5 3. Bd3 c5 4. exd5 exd5 5. dxc5 Bxc5 6. Nf3 Ne7 7. h3 h6 8. Bf4 Nbc6 9. 0-0 0-0 10. Nc3 Be6 11. a3 Bd6 12. Bxd6 Qxd6 13. Re1 a6 14. Qd2 Rad8 15. Rad1 Rd7 16. Ne2 Rfd8 17. Nf4 Bf5 18. Re2 Bxd3 19. Nxd3 Ng6 20. Rde1 Re7 21. Rxe7 Ngxe7 22. Nde5 Nxe5 23. Nxe5 Nc6 24. Ng4 d4 25. Qd3 h5 26. Nh2 Qd5 27. Nf3 g6 28. Rd1 Ne5 29. Nxe5 Qxe5 30. c3 Qd5 31. Qxd4 Qxd4 32. Rxd4 Rxd4 33. cxd4 Kf8 34. f3 Ke7 35. Kf2 Ke6 36. Ke3 Kd5 37. g4 hxg4 38. fxg4 g5 39. b4 b6 40. Kd3 a5 41. bxa5 bxa5 42. a4 f6 43. Kc3 Kd6 44. Kc4 Kc6 45. d5+ Kd6 46. Kd4 Kd7 47. Kc5 Kc7 48. d6+ Kd7 49. Kd5 Kd8 50. Ke6 Ke8 51. Kxf6 Kd7 52. Kxg5 Kxd6 53. Kf6 Kc5 54. g5 Kb4 55. g6 Kxa4 56. g7 Ka3 57. g8Q a4 58. h4 Kb2 59. Qb8+ Kc3 60. Qb1 a3 61. h5 Kc4 62. h6 Kc3 63. h7 Kc4 64. h8Q Kc3 65. Qd8 Kc4 66. Qc1+ Kb5 67. Qb8+ Ka4 68. Qc4+ Ka5 69. Qcb5# 1-0